000 01397nam a22003857a 4500
003 CHAP
005 20230527062635.0
008 971010s1978 mx a r 00010 spa d
010 _a62892
011 _a63864
035 _a68410
040 _cCHAP
090 _aFolleto 4709
100 1 0 _aBerlijn, Johan D.
_911826
245 1 _aCosechadora de granos básicos
260 _aMéxico, D. F. :
_bTrillas,
_c1978
300 _a74 p.
_b: ilus.
490 0 _aManuales para educación agropecuaria.
_pMecánica agrícola
500 _ac.4-6 en bodega
590 _aBATCH-UPD
_b10
_c20130110
_lUCH01
_h1859
590 _aBATCH-UPD
_b10
_c20130410
_lUCH01
_h1228
590 _aBATCH-UPD
_b10
_c20130914
_lUCH01
_h0608
590 _aCONVERSION
_b10
_c20130109
_lUCH01
_h1334
650 1 4 _aCosechadoras.
_928442
650 1 4 _aMaquinaria agrícola.
_971151
830 0 _aManuales para educación agropecuaria.
_pMecánica agrícola
_970691
901 _aBK
942 _cFOLL
949 _a631.3 M4 V.45
_bMA
_cLIBRO
_d-44001
_eLIBRO
_fc.2
_h447
_i68410
_si
949 _a631.3 M4 V.45
_bMA
_cLIBRO
_d-44002
_eLIBRO
_fc.3
_h1350
_i68410
_si
949 _a631.3 M4 V.45
_bMA
_cLIBRO
_d-44003
_eLIBRO
_fc.4
_h1351
_i68410
_si
949 _a631.3 M4 V.45
_bMA
_cLIBRO
_d-529
_eLIBRO
_h446
_i68410
_si
949 _aFolleto 4709
_bBC
_cFOLL
_d-47999
_eTS2
_fc.2
_i68410
_si
949 _aFolleto 4709
_bBC
_cFOLL
_d-48000
_eTS2
_fc.3
_i68410
_si
999 _c62892
_d62892